000 00351nam a22001457a 4500
020 _a0631128980
082 _a339.42 OKU
100 _aOKUN, A.M.
245 _aPrice and Quantities
260 _aOxford
_bBasil Blackwell
_c1981
300 _axiii; 367p.
_bill; 23cm.
500 _aInclude; Index.
650 _aA Macroeconomic Analysis
942 _cBK
999 _c17965
_d17965